LEADER 01169nam a2200301 a 4500 001 000000129806 003 CaOOAMICUS 005 20120726090531.0 008 120726s2012 it od 000 u ita r 040 $aPUL$bita 082 04$a550 245 00$aPaul Krugman. 250 $aEd. speciale per il Sole 24 Ore. 260 $aMilano :$bIl Sole 24 ore,$c©2012. 300 $a265 p. :$bfotogr., grafici ;$c21 cm 490 1 $aI grandi della scienza ;$v20 500 $aSulla cop.: Economisti per caso. 500 $aSul dorso: Nobel economia 2008. 600 14$aKrugman, Paul Robin,$d1953-$0(OLS)http://pul/subject/38851 650 4$aEconomia$ySec. XX-XXI.$0(OLS)http://pul/subject/37435 830 2$aI grandi della scienza ;$v20.$0(OLS)http://pul/title/162261 850 $aPUL 852 $aPUL$W1$xDP2 Cons. Gen., Altre Classi 3$y97$m550 COLL 1.20$j150267$qDDC 21$B148835$CPULBib$Z2$F148835 $H120543 $82 941 1 $a9 996 $6082$a550$9(OLS)http://pul/classification/2237 996 $6245$aPaul Krugman$9(OLS)http://pul/title/164082 996 $6260$aMilano :$bIl Sole 24 ore$9(OLS)http://pul/publisher/69212 LEADER 01014nam a2200229 u 4500 001 000000006179 003 CaOOAMICUS 005 20070226104839.0 008 940606s1934 it u000 u ita u 035 $a10158242 040 $aPUL(R)$bita 100 1 $aBelloc, Hilaire,$d1870-1953.$0(OLS)http://pul/name/6319 245 14$aGli Ebrei /$cHilaire Belloc ; traduzione di A. Marioli. 260 $aMilano :$bSocietą editrice "Vita e pensiero",$c1934. 300 $axii, 224 p. ;$c20 cm 650 4$aGiudaismo.$0(OLS)http://pul/subject/1627 850 $aPUL 852 $aPUL$W1$xDP1 Fondo Giannini$y60$m1560 G 26$j8791$nBK-PRI$b $qFondi$B8791$CPULBib$Z2$F8791 $H $81 852 $aPUL$W1$xDP1 Fondo Cecchetti$y53$m264 A 16$j8792$nBK-PRI$b $qFondi$B8792$CPULBib$Z2$F8792 $H722 $81 941 1 $a1 996 $6245$aGli Ebrei$9(OLS)http://pul/title/9103 996 $6260$aMilano :$bSocietą editrice "Vita e pensiero"$9(OLS)http://pul/publisher/48525 LEADER 01453nam a2200313 u 4500 001 000000061278 003 CaOOAMICUS 005 20070226121015.0 008 010904s1998 it u000 u ita u 035 $a10901285 040 $aPUL$bita 245 00$aPanorama dell'antropologia contemporanea :$nI,$pchi č l'uomo per l'empirismo e la fenomenologia /$ca cura di Marco D'Avenia e Cristina Sagliani. 246 30$aChi č l'uomo per l'empirismo e la fenomenologia 260 $aRoma :$bEd. Romane di cultura,$cstampa 1998. 300 $a70 p. ;$c24 cm 490 1 $aGrande Enciclopedia epistemologica ;$v115 500 $aContributo autori vari. 504 $aBibliografia in nota. 650 4$aFenomenologia.$0(OLS)http://pul/subject/1230 700 1 $aSagliani, Cristina.$0(OLS)http://pul/name/41837 700 1 $aD'Avenia, Marco,$d1966-$0(OLS)http://pul/name/13322 830 0$aGrande Enciclopedia epistemologica ;$v115.$0(OLS)http://pul/title/74431 850 $aPUL 852 $aPUL$W1$xDP2 Filosofia 1$y62$m97 U 115$j79856$nBK-PRI$qStampati$B79856$CPULBib$Z2$F79856 $81 941 1 $a8 961 $aINV: 83578 996 $6245$aPanorama dell'antropologia contemporanea :$nI,$pchi č l'uomo per l'empirismo e la fenomenologia$9(OLS)http://pul/title/81813 996 $6246$aChi č l'uomo per l'empirismo e la fenomenologia$9(OLS)http://pul/title/81814 996 $6260$aRoma :$bEd. Romane di cultura$9(OLS)http://pul/publisher/69045 LEADER 01400nam a2200325 a 4500 001 000000149329 003 CaOOAMICUS 005 20160211122337.0 008 160211s2010 it dk u000 u ita r 020 $z9788815131690* 032 $aLibriCat 040 $aPUL$bita 082 04$a303.48 100 1 $aBaroncelli, Eugenia.$0(OLS)http://pul/name/95229 245 10$aAlle radici della globalizzazione :$ble cause politiche del commercio internazionale /$cEugenia Baroncelli. 260 $aBologna :$bIl Mulino,$c©2010. 300 $a364 p. :$agrafici, formulari ;$c22 cm. 490 1 $aRicerca 504 $aBibliografia in nota. 650 4$aRelazioni internazionali.$0(OLS)http://pul/subject/27045 650 4$aGlobalizzazione.$0(OLS)http://pul/subject/38133 830 0$aRicerca (Il Mulino).$0(OLS)http://pul/title/4171 850 $aPUL 852 $aPUL$W1$xSL Diritto e Scienze Sociali 3$y79$m303. 48 BAREU 1$j171981$qDDC 21$B173572$CPULBib$Z2$F173572 $H127021 $81 941 1 $a9 996 $6020$z9788815131690*$9(OLS)http://pul/number/159641 996 $6082$a303.48$9(OLS)http://pul/classification/720 996 $6245$aAlle radici della globalizzazione :$ble cause politiche del commercio internazionale$9(OLS)http://pul/title/188266 996 $6260$aBologna :$bIl Mulino$9(OLS)http://pul/publisher/47928